The C | programming language / (Record no. 5198)
[ view plain ]
| 000 -LEADER | |
|---|---|
| fixed length control field | 01671nac a22003371u 4500 |
| 010 ## - LIBRARY OF CONGRESS CONTROL NUMBER | |
| LC control number | 2006015047 |
| 020 ## - INTERNATIONAL STANDARD BOOK NUMBER | |
| International Standard Book Number | 0321334434 (hardback : alk. paper) |
| 020 ## - INTERNATIONAL STANDARD BOOK NUMBER | |
| International Standard Book Number | 9780321334435 |
| 035 ## - SYSTEM CONTROL NUMBER | |
| System control number | (OCoLC)ocm68624091 |
| 082 00 - DEWEY DECIMAL CLASSIFICATION NUMBER | |
| Classification number | 005.133 |
| Item number | HEJ |
| 090 ## - LOCALLY ASSIGNED LC-TYPE CALL NUMBER (OCLC); LOCAL CALL NUMBER (OCLC) | |
| -- | 5198 |
| -- | 5198 |
| 100 ## - MAIN ENTRY--PERSONAL NAME | |
| Personal name | Hejlsberg, Anders. |
| 245 14 - TITLE STATEMENT | |
| Title | The C |
| -- | programming language / |
| Statement of responsibility, etc | Anders Hejlsberg, Scott Wiltamuth, Peter Golde. |
| 246 3# - VARYING FORM OF TITLE | |
| Title proper/short title | C programming language |
| 246 3# - VARYING FORM OF TITLE | |
| Title proper/short title | C sharp programming language |
| 250 ## - EDITION STATEMENT | |
| Edition statement | 2nd ed. |
| 260 ## - PUBLICATION, DISTRIBUTION, ETC. (IMPRINT) | |
| Place of publication, distribution, etc | Upper Saddle River, NJ : |
| Name of publisher, distributor, etc | Addison-Wesley,2006 |
| Date of publication, distribution, etc | c2006. |
| 300 ## - PHYSICAL DESCRIPTION | |
| Extent | xiv, 704 p. ; |
| Dimensions | 24 cm. |
| 440 #0 - | |
| -- | Microsoft .NET development series |
| 500 ## - GENERAL NOTE | |
| General note | Includes index. |
| 500 ## - GENERAL NOTE | |
| General note | 2.0"--Cover. |
| -- | "Revised and updated for C |
| 500 ## - GENERAL NOTE | |
| General note | distributer: Al-Ahram |
| 505 0# - FORMATTED CONTENTS NOTE | |
| Formatted contents note | Introduction -- Lexical structure -- Basic concepts -- Types -- Variables -- Conversions -- Expressions -- Statements -- Namespaces -- Classes -- Structs -- Arrays -- Interfaces -- Enums -- Delegates -- Exceptions -- Attributes -- Unsafe code -- Introduction to C |
| -- | 2.0 -- Generics -- Anonymous methods -- Iterators -- Partial types -- Nullable types -- Other features -- Appendixes -- Appendix A documentation comments -- Appendix B grammar -- Index. |
| 511 ## - PARTICIPANT OR PERFORMER NOTE | |
| Participant or performer note | catalogued by: wessam |
| 650 #0 - SUBJECT ADDED ENTRY--TOPICAL TERM | |
| Topical term or geographic name as entry element | (Computer program language) |
| -- | C |
| 700 1# - ADDED ENTRY--PERSONAL NAME | |
| Personal name | Wiltamuth, Scott. |
| 700 1# - ADDED ENTRY--PERSONAL NAME | |
| Personal name | Golde, Peter. |
| 856 41 - ELECTRONIC LOCATION AND ACCESS | |
| Materials specified | Table of contents |
| Uniform Resource Identifier | <a href="http://www.loc.gov/catdir/toc/ecip0613/2006015047.html">http://www.loc.gov/catdir/toc/ecip0613/2006015047.html</a> |
| 942 ## - ADDED ENTRY ELEMENTS (KOHA) | |
| Item type | Book - Borrowing |
| Call number prefix | 005.133HEJ |
| Withdrawn status | Item status | Damaged status | Not for loan | Home library | Current library | Shelving location | Date acquired | Source of acquisition | Total Checkouts | Total Renewals | Full call number | Barcode | Date last seen | Date last borrowed | Koha item type |
|---|---|---|---|---|---|---|---|---|---|---|---|---|---|---|---|
| Central Library | Central Library | Lower Floor | 22/10/2007 | Purchase | 7 | 27 | 005.133HEJ | 000006357 | 15/07/2025 | 17/02/2020 | Book - Borrowing |